[Event "SA-2016-0-00555"]
[Site "LSS email"]
[Date "2016.12.15"]
[Round "?"]
[White "Kolanek, Roman"]
[Black "Pely, Giora"]
[Result "1-0"]
[WhiteElo "2136"]
[BlackElo "2066"]
[PlyCount "135"]
[EventDate "2016.11.23"]
[EventType "tourn (corr)"]
[EventRounds "6"]
[EventCountry "GER"]
[SourceTitle "Corr 2022"]
[Source "ChessBase"]
[SourceDate "2021.10.24"]
[SourceVersion "1"]
[SourceVersionDate "2021.10.24"]
[SourceQuality "1"]

1. d4 Nf6 2. c4 e6 3. Nf3 b6 4. e3 Bb7 5. Bd3 d5 6. 0-0 Bd6 7. Nc3 0-0 8. b3 Nbd7 9. Bb2 a6 10. a4 Ne4 11. a5 f5 12. Qe2 Bb4 13. Na2 Bd6 14. Ne5 Bxe5 15. dxe5 Nec5 16. Nc1 dxc4 17. Bxc4 b5 18. Bd3 Bd5 19. Bc2 b4 20. f3 Rb8 21. Qd1 Qg5 22. Bd4 Rb5 23. Nd3 Rd8 24. Nf4 c6 25. Qb1 Qh6 26. Kh1 g5 27. Ne2 Qh4 28. e4 fxe4 29. Bf2 exf3 30. Bxh4 fxg2+ 31. Kg1 gxf1Q+ 32. Qxf1 gxh4 33. Qf4 Rf8 34. Qxh4 Rf7 35. Rf1 Nf8 36. Ng3 Ncd7 37. Rxf7 Kxf7 38. Bxh7 Rxa5 39. Bd3 Ra1+ 40. Kf2 Ra2+ 41. Be2 Bxb3 42. Qxb4 Bc2 43. Qc4 Rb2 44. Qf4+ Ke8 45. Qd2 Ra2 46. Qc3 c5 47. Qc4 Rb2 48. h4 a5 49. Qc3 Ra2 50. Kg1 a4 51. Bb5 a3 52. Nh5 Kd8 53. Nf6 Bf5 54. Qa5+ Ke7 55. Qa7 Rd2 56. Qxa3 Rd1+ 57. Kf2 Rb1 58. Bxd7 Nxd7 59. Qa7 Rd1 60. Ke2 Rd3 61. Ng8+ Kf8 62. Qa8+ Kg7 63. Ne7 Bh7 64. Qg2+ Kf7 65. Qg5 Rd4 66. Nc6 Re4+ 67. Kf3 Ra4 68. Qe7+ 1-0

[Event "SB-2016-0-00470"]
[Site "LSS email"]
[Date "2016.10.23"]
[Round "?"]
[White "Borisovs, Leonids"]
[Black "Pely, Giora"]
[Result "1/2-1/2"]
[WhiteElo "2115"]
[BlackElo "2089"]
[PlyCount "73"]
[EventDate "2016.09.16"]
[EventType "tourn (corr)"]
[EventRounds "6"]
[EventCountry "GER"]
[SourceTitle "Corr 2022"]
[Source "ChessBase"]
[SourceDate "2021.10.24"]
[SourceVersion "1"]
[SourceVersionDate "2021.10.24"]
[SourceQuality "1"]

1. e4 c5 2. Nf3 Nc6 3. d4 cxd4 4. Nxd4 Nf6 5. Nc3 e5 6. Ndb5 d6 7. Bg5 a6 8. Na3 b5 9. Nd5 Be7 10. Bxf6 Bxf6 11. c3 0-0 12. Nc2 Bg5 13. a4 bxa4 14. Rxa4 a5 15. Bc4 Rb8 16. Ra2 Kh8 17. Nce3 g6 18. h4 Bxh4 19. g3 Bg5 20. f4 exf4 21. gxf4 Bh4+ 22. Kd2 f5 23. exf5 Bxf5 24. Nxf5 Rxf5 25. Kc1 Rb7 26. b3 Rg7 27. Qg4 Rh5 28. Rah2 Ne7 29. Nxe7 Bxe7 30. Rxh5 gxh5 31. Qxh5 Bf6 32. Kd2 d5 33. Bxd5 Bg5 34. c4 Bxf4+ 35. Kd1 Bd6 36. Qf5 Qf8 37. Be4 1/2-1/2

[Event "BI-2016-F-0000"]
[Site "LSS email"]
[Date "2016.02.14"]
[Round "?"]
[White "Kurowski, Andrzej"]
[Black "Pely, Giora"]
[Result "1-0"]
[WhiteElo "2018"]
[BlackElo "2144"]
[PlyCount "91"]
[EventDate "2016.02.20"]
[EventType "tourn (corr)"]
[EventRounds "10"]
[EventCountry "GER"]
[SourceTitle "Corr 2022"]
[Source "ChessBase"]
[SourceDate "2021.10.24"]
[SourceVersion "1"]
[SourceVersionDate "2021.10.24"]
[SourceQuality "1"]

1. d4 d5 2. Nf3 Nf6 3. c4 e6 4. Nc3 c6 5. Bg5 h6 6. Bxf6 Qxf6 7. e3 Be7 8. Bd3 dxc4 9. Bxc4 0-0 10. 0-0 Nd7 11. Rc1 g6 12. Be2 Rd8 13. Qc2 Qg7 14. Rfd1 a5 15. Ne4 a4 16. Qc3 f5 17. Ned2 Nf6 18. Nc4 Bd7 19. Nfe5 Be8 20. Qe1 g5 21. Nb6 Ra7 22. a3 Nd5 23. Nxd5 exd5 24. f4 Bf7 25. Bd3 Be6 26. Rd2 Rf8 27. Bc2 Bf6 28. g3 Bxe5 29. fxe5 b6 30. Rf2 Raf7 31. Bxa4 c5 32. Bd1 f4 33. Bh5 Rc8 34. Bxf7+ Qxf7 35. exf4 Qg6 36. Qf1 Bg4 37. f5 Qc6 38. e6 Rc7 39. Re1 Re7 40. h3 Bh5 41. g4 Be8 42. Qe2 Qc7 43. Kg2 cxd4 44. f6 d3 45. Qxd3 Rh7 46. f7+ 1-0

[Event "BI-2016-F-0000"]
[Site "LSS email"]
[Date "2016.02.14"]
[Round "?"]
[White "Pely, Giora"]
[Black "Elski, Marek"]
[Result "1/2-1/2"]
[WhiteElo "2144"]
[BlackElo "1818"]
[PlyCount "110"]
[EventDate "2016.02.20"]
[EventType "tourn (corr)"]
[EventRounds "10"]
[EventCountry "GER"]
[SourceTitle "Corr 2022"]
[Source "ChessBase"]
[SourceDate "2021.10.24"]
[SourceVersion "1"]
[SourceVersionDate "2021.10.24"]
[SourceQuality "1"]

1. e4 e5 2. Nf3 Nc6 3. Bb5 a6 4. Ba4 Nf6 5. 0-0 Be7 6. Re1 b5 7. Bb3 0-0 8. h3 Bb7 9. d3 d5 10. exd5 Nxd5 11. Nxe5 Nd4 12. Nc3 Nb4 13. a3 Nxb3 14. cxb3 f6 15. Nf3 Bxf3 16. gxf3 Nc6 17. d4 Qd7 18. d5 Ne5 19. f4 Ng6 20. Qf3 f5 21. Kh2 Rad8 22. Be3 a5 23. Red1 b4 24. axb4 axb4 25. Ne2 Nh4 26. Qh1 Rf6 27. Nd4 Rg6 28. Rg1 Rxg1 29. Rxg1 Qxd5 30. Ra1 h6 31. Qxd5+ Rxd5 32. Ne6 Bd6 33. Rc1 g5 34. Nxc7 Rd3 35. Nb5 gxf4 36. Rc8+ Kh7 37. Bd4 h5 38. Nxd6 Rxd4 39. Nc4 Rd3 40. Rc7+ Kh6 41. Rc6+ Kg5 42. Rb6 Rxb3 43. Rd6 Nf3+ 44. Kg2 Rd3 45. Rxd3 Ne1+ 46. Kf1 Nxd3 47. Ke2 Nc5 48. Ne5 Kh4 49. Kf3 Ne6 50. Kg2 Nd4 51. Ng6+ Kg5 52. Ne5 b3 53. f3 Nc2 54. Nd3 Nd4 55. Ne5 Nc2 1/2-1/2

[Event "BI-2016-F-0000"]
[Site "LSS email"]
[Date "2016.02.14"]
[Round "?"]
[White "Pely, Giora"]
[Black "Saganauer, Richard"]
[Result "1/2-1/2"]
[WhiteElo "2144"]
[BlackElo "2156"]
[PlyCount "64"]
[EventDate "2016.02.20"]
[EventType "tourn (corr)"]
[EventRounds "10"]
[EventCountry "GER"]
[SourceTitle "Corr 2022"]
[Source "ChessBase"]
[SourceDate "2021.10.24"]
[SourceVersion "1"]
[SourceVersionDate "2021.10.24"]
[SourceQuality "1"]

1. e4 e5 2. Nf3 Nf6 3. Nxe5 d6 4. Nf3 Nxe4 5. d4 d5 6. Bd3 Nc6 7. 0-0 Be7 8. c4 Nb4 9. Be2 0-0 10. Nc3 Bf5 11. a3 Nxc3 12. bxc3 Nc6 13. Re1 Re8 14. cxd5 Qxd5 15. Bf4 Rac8 16. h3 Bf6 17. Nh2 Na5 18. Ng4 Nb3 19. Bf3 Qc4 20. Bxb7 Rb8 21. Nxf6+ gxf6 22. Qf3 Nxa1 23. Rxa1 Re7 24. Bd5 Qd3 25. Be3 Qxc3 26. Rc1 Rb1 27. Rxb1 Bxb1 28. Kh2 Bg6 29. Qxf6 Rxe3 30. Qd8+ Kg7 31. fxe3 Qxa3 32. Qxc7 Qxe3 1/2-1/2

[Event "BI-2016-F-0000"]
[Site "LSS email"]
[Date "2016.02.14"]
[Round "?"]
[White "Siger, Csaba"]
[Black "Pely, Giora"]
[Result "0-1"]
[WhiteElo "1745"]
[BlackElo "2144"]
[PlyCount "36"]
[EventDate "2016.02.20"]
[EventType "tourn (corr)"]
[EventRounds "10"]
[EventCountry "GER"]
[SourceTitle "Corr 2022"]
[Source "ChessBase"]
[SourceDate "2021.10.24"]
[SourceVersion "1"]
[SourceVersionDate "2021.10.24"]
[SourceQuality "1"]

1. e4 c5 2. Nf3 Nc6 3. Nc3 d6 4. h3 Nf6 5. d4 cxd4 6. Nxd4 e6 7. Be3 Be7 8. Qd2 0-0 9. 0-0-0 a6 10. g4 Nxd4 11. Qxd4 b5 12. g5 Nd7 13. Kb1 Rb8 14. h4 b4 15. Ne2 Qc7 16. h5 Bb7 17. Ng3 Rfc8 18. g6 Qxc2+ 0-1

[Event "WC-2016-P-00002"]
[Site "LSS email"]
[Date "2016.01.22"]
[Round "?"]
[White "Pely, Giora"]
[Black "Binas, Jindrich"]
[Result "0-1"]
[WhiteElo "2144"]
[BlackElo "2280"]
[PlyCount "104"]
[EventDate "2016.01.28"]
[EventType "tourn (corr)"]
[EventRounds "12"]
[EventCountry "GER"]
[SourceTitle "Corr 2022"]
[Source "ChessBase"]
[SourceDate "2021.10.24"]
[SourceVersion "1"]
[SourceVersionDate "2021.10.24"]
[SourceQuality "1"]

1. e4 e5 2. Nf3 Nc6 3. Bb5 a6 4. Ba4 Nf6 5. 0-0 Be7 6. Re1 b5 7. Bb3 0-0 8. h3 Bb7 9. d3 d5 10. exd5 Nxd5 11. Nxe5 Nd4 12. Nd2 c5 13. a4 Nf4 14. Bxf7+ Rxf7 15. Nxf7 Qd5 16. Ne4 Nxh3+ 17. gxh3 Qxf7 18. axb5 Nf3+ 19. Kf1 Qf5 20. Kg2 Rf8 21. Re3 Nd4 22. f3 Bg5 23. Re1 Bxc1 24. Rxc1 Bc8 25. Re3 Qxh3+ 26. Kg1 Bb7 27. Qf1 Qh6 28. Rce1 Bxe4 29. dxe4 Rf6 30. Rc3 Qd2 31. Qf2 Rg6+ 32. Kf1 Qh6 33. Qg1 Rxg1+ 34. Kxg1 Qd2 35. Kf1 axb5 36. e5 Nxc2 37. Re2 Qd1+ 38. Kf2 Nd4 39. Re1 Qd2+ 40. Kf1 Nf5 41. f4 Qxb2 42. Rh3 Qd2 43. Re4 b4 44. e6 b3 45. Ra4 h6 46. Ra8+ Kh7 47. Ra7 Qxf4+ 48. Kg1 Ne3 49. Ra1 Qg4+ 50. Kf2 Qxh3 51. Rg1 Ng4+ 52. Ke1 Qe3+ 0-1

[Event "WC-2016-P-00002"]
[Site "LSS email"]
[Date "2016.01.22"]
[Round "?"]
[White "Salazar Moran, Alejandro Fortunato"]
[Black "Pely, Giora"]
[Result "0-1"]
[WhiteElo "1545"]
[BlackElo "2144"]
[PlyCount "32"]
[EventDate "2016.01.28"]
[EventType "tourn (corr)"]
[EventRounds "12"]
[EventCountry "GER"]
[SourceTitle "Corr 2022"]
[Source "ChessBase"]
[SourceDate "2021.10.24"]
[SourceVersion "1"]
[SourceVersionDate "2021.10.24"]
[SourceQuality "1"]

1. d4 Nf6 2. c4 e6 3. Bg5 c5 4. d5 Qa5+ 5. Bd2 Qb6 6. Nc3 exd5 7. cxd5 d6 8. e4 Be7 9. Be2 0-0 10. Qc2 Na6 11. f4 Nb4 12. Qb3 Bd7 13. Nf3 c4 14. Qd1 Ng4 15. Rf1 Nxh2 16. Nxh2 Bh4+ 0-1

[Event "SA-2015-0-00494"]
[Site "LSS email"]
[Date "2015.11.02"]
[Round "?"]
[White "Chmela, Zdenek"]
[Black "Pely, Giora"]
[Result "1/2-1/2"]
[WhiteElo "2120"]
[BlackElo "2173"]
[PlyCount "61"]
[EventDate "2015.10.02"]
[EventType "tourn (corr)"]
[EventRounds "6"]
[EventCountry "GER"]
[SourceTitle "Corr 2022"]
[Source "ChessBase"]
[SourceDate "2021.10.24"]
[SourceVersion "1"]
[SourceVersionDate "2021.10.24"]
[SourceQuality "1"]

1. d4 Nf6 2. c4 e6 3. Nc3 Bb4 4. e3 0-0 5. Bd3 d5 6. Nf3 c5 7. 0-0 dxc4 8. Bxc4 Nbd7 9. a3 cxd4 10. axb4 dxc3 11. bxc3 Qc7 12. Qb3 Nb6 13. Be2 e5 14. c4 Be6 15. Bb2 Nxc4 16. Rfc1 Nxb2 17. Qxb2 Qe7 18. Nxe5 a6 19. h3 Rfd8 20. b5 axb5 21. Rxa8 Rxa8 22. Qxb5 Bd5 23. Qb2 h6 24. Bd3 Rd8 25. Qb6 Re8 26. f4 Nd7 27. Qc7 Bc6 28. Rxc6 bxc6 29. Qxd7 Qxd7 30. Nxd7 Rxe3 31. Nc5 1/2-1/2

[Event "SA-2015-0-00494"]
[Site "LSS email"]
[Date "2015.11.02"]
[Round "?"]
[White "Pely, Giora"]
[Black "Pilgram, Kurt"]
[Result "1/2-1/2"]
[WhiteElo "2173"]
[BlackElo "1977"]
[PlyCount "50"]
[EventDate "2015.10.02"]
[EventType "tourn (corr)"]
[EventRounds "6"]
[EventCountry "GER"]
[SourceTitle "Corr 2022"]
[Source "ChessBase"]
[SourceDate "2021.10.24"]
[SourceVersion "1"]
[SourceVersionDate "2021.10.24"]
[SourceQuality "1"]

1. e4 c5 2. Nf3 d6 3. d4 cxd4 4. Nxd4 Nc6 5. c4 Nf6 6. Nc3 g6 7. Be2 Nxd4 8. Qxd4 Bg7 9. Be3 0-0 10. Qd2 Be6 11. 0-0 Qa5 12. Rab1 Rfc8 13. b3 a6 14. Rfc1 b5 15. b4 Qd8 16. cxb5 axb5 17. Bxb5 Ra3 18. Nd5 Bxd5 19. exd5 Rb8 20. Bc6 Ne4 21. Qc2 Nc3 22. Rb3 Rxa2 23. Rxc3 Rxc2 24. R3xc2 Rxb4 25. Bb7 Bf8 1/2-1/2

[Event "BI-2015-P-0000"]
[Site "LSS email"]
[Date "2015.04.16"]
[Round "?"]
[White "Morcin, Tom"]
[Black "Pely, Giora"]
[Result "1/2-1/2"]
[WhiteElo "2214"]
[BlackElo "2181"]
[PlyCount "63"]
[EventDate "2015.04.22"]
[EventType "tourn (corr)"]
[EventRounds "10"]
[EventCountry "GER"]
[SourceTitle "Corr 2022"]
[Source "ChessBase"]
[SourceDate "2021.10.24"]
[SourceVersion "1"]
[SourceVersionDate "2021.10.24"]
[SourceQuality "1"]

1. d4 Nf6 2. c4 e6 3. Nf3 b6 4. g3 Ba6 5. Qa4 Bb7 6. Bg2 c5 7. dxc5 Bxc5 8. 0-0 0-0 9. Nc3 Nc6 10. Rd1 Qc8 11. h3 h6 12. a3 Be7 13. b4 b5 14. cxb5 Nxb4 15. axb4 Qxc3 16. Bd2 Qc8 17. Rac1 Qd8 18. Qa5 Bd5 19. Bf4 Qb6 20. Ne5 Bxg2 21. Qxb6 axb6 22. Kxg2 Ra7 23. Rd4 Rfa8 24. Nc4 g5 25. Be5 Rb7 26. Bd6 Bxd6 27. Nxd6 Rba7 28. Rd2 Kg7 29. Nc8 Rb7 30. Rc4 Ne4 31. Rdc2 Rbb8 32. Rc7 1/2-1/2

[Event "BI-2015-P-0000"]
[Site "LSS email"]
[Date "2015.04.16"]
[Round "?"]
[White "Pely, Giora"]
[Black "Callow, Chris"]
[Result "1/2-1/2"]
[WhiteElo "2181"]
[BlackElo "1970"]
[PlyCount "97"]
[EventDate "2015.04.22"]
[EventType "tourn (corr)"]
[EventRounds "10"]
[EventCountry "GER"]
[SourceTitle "Corr 2022"]
[Source "ChessBase"]
[SourceDate "2021.10.24"]
[SourceVersion "1"]
[SourceVersionDate "2021.10.24"]
[SourceQuality "1"]

1. e4 e5 2. Nf3 Nc6 3. Bb5 a6 4. Ba4 Nf6 5. 0-0 Be7 6. Re1 b5 7. Bb3 0-0 8. h3 Bb7 9. c3 d5 10. exd5 Nxd5 11. d3 Bf6 12. Nbd2 Nf4 13. Ne4 Nxd3 14. Nxf6+ gxf6 15. Re4 Nxc1 16. Qxc1 f5 17. Rh4 Qf6 18. Rh5 Rad8 19. Qe3 Rd6 20. Re1 h6 21. Nh4 Bc8 22. Qf3 e4 23. Qf4 Ne7 24. f3 exf3 25. Qxf3 Kg7 26. Qf4 Rg8 27. Re5 Kh7 28. Bc2 Rg5 29. Qxg5 Qxg5 30. Rxg5 hxg5 31. Rxe7 gxh4 32. Rxf7+ Kg6 33. Rxc7 Be6 34. Bb3 Bxb3 35. axb3 Rd2 36. Rc6+ Kg5 37. Rxa6 Rxb2 38. b4 Kf4 39. Kh2 Ke3 40. Rb6 f4 41. Rf6 Rc2 42. Re6+ Kf2 43. Rf6 Ke3 44. Rf5 Ke4 45. Rxb5 f3 46. Kg1 Rxg2+ 47. Kf1 Rc2 48. Rc5 Ke3 49. Re5+ 1/2-1/2

[Event "WC-2015-P-00016"]
[Site "LSS email"]
[Date "2015.01.19"]
[Round "?"]
[White "Pely, Giora"]
[Black "Bichik, Aleksandr"]
[Result "0-1"]
[WhiteElo "2201"]
[BlackElo "2188"]
[PlyCount "128"]
[EventDate "2015.01.25"]
[EventType "tourn (corr)"]
[EventRounds "12"]
[EventCountry "GER"]
[SourceTitle "Corr 2022"]
[Source "ChessBase"]
[SourceDate "2021.10.24"]
[SourceVersion "1"]
[SourceVersionDate "2021.10.24"]
[SourceQuality "1"]

1. e4 c5 2. Nf3 d6 3. d4 cxd4 4. Nxd4 Nf6 5. Nc3 a6 6. Be3 e5 7. Nb3 Be6 8. f3 Be7 9. Qd2 Nbd7 10. 0-0-0 b5 11. g4 0-0 12. g5 b4 13. Ne2 Ne8 14. f4 a5 15. f5 Bxb3 16. cxb3 a4 17. bxa4 Rxa4 18. Kb1 Rxa2 19. Nc1 Ra8 20. Nb3 Qc7 21. Rg1 Qc6 22. f6 Bd8 23. fxg7 Kxg7 24. g6 hxg6 25. Bh6+ Kg8 26. Bxf8 Kxf8 27. Qd5 Qxd5 28. Rxd5 Bb6 29. Rh1 Nc5 30. Nxc5 Bxc5 31. Bc4 f5 32. Rd2 Ra7 33. Rg2 Rg7 34. h4 f4 35. Be2 Nf6 36. Bf3 d5 37. Rc2 dxe4 38. Rxc5 exf3 39. Rxe5 Ng4 40. Rg5 Ne3 41. Rh2 Re7 42. Rf2 Nc4 43. Ka2 Re3 44. Rb5 Ne5 45. Rxb4 Nd3 46. Rb8+ Ke7 47. Rb7+ Kf6 48. Rf1 f2 49. Rb3 Ke5 50. Rxd3 Rxd3 51. Rxf2 Ke4 52. Rh2 f3 53. h5 gxh5 54. Rxh5 f2 55. Rh1 Rf3 56. Rf1 Ke3 57. b3 Ke2 58. Rb1 f1Q 59. Rxf1 Rxf1 60. Ka3 Kd3 61. Ka4 Kc3 62. b4 Ra1+ 63. Kb5 Rb1 64. Kc5 Rxb4 0-1